00230nam a2200085Ia 4500008004100000082001600041100002200057245004400079300002100123230907s9999||||xx |||||||||||||| ||und|| a621.69bVOL aVolk, Michael W., 0aPump characteristics and applications / axxv, 490 pages :